<?xml version="1.0" encoding="UTF-8"?>
<record
    xmlns:xsi="http://www.w3.org/2001/XMLSchema-instance"
    xsi:schemaLocation="http://www.loc.gov/MARC21/slim http://www.loc.gov/standards/marcxml/schema/MARC21slim.xsd"
    xmlns="http://www.loc.gov/MARC21/slim">

  <leader>00462    a2200145   4500</leader>
  <controlfield tag="001">ART_23598</controlfield>
  <controlfield tag="005">20260410161827.0</controlfield>
  <controlfield tag="008">260409a                                 </controlfield>
  <datafield tag="245" ind1="1" ind2="0">
    <subfield code="a">Normas alternativas para la preparaci&#xF3;n de informaci&#xF3;n contable de Pymes</subfield>
  </datafield>
  <datafield tag="100" ind1="1" ind2=" ">
    <subfield code="a">Casal, Mar&#xED;a del Carmen</subfield>
  </datafield>
  <datafield tag="700" ind1="1" ind2=" ">
    <subfield code="a">Rondi, Gustavo R.</subfield>
  </datafield>
  <datafield tag="700" ind1="1" ind2=" ">
    <subfield code="a">Galante, Marcelo J.</subfield>
  </datafield>
  <datafield tag="700" ind1="1" ind2=" ">
    <subfield code="a">G&#xF3;mez, Melisa</subfield>
  </datafield>
  <datafield tag="773" ind1="0" ind2=" ">
    <subfield code="t">FACES</subfield>
    <subfield code="g">- A&#xF1;o 19, N&#xBA; 40/41 (ene./dic. 2013)</subfield>
    <subfield code="w">REV5046</subfield>
  </datafield>
  <datafield tag="999" ind1=" " ind2=" ">
    <subfield code="c">22853</subfield>
    <subfield code="d">22853</subfield>
  </datafield>
</record>
